|
|
|
|
| LEADER |
00835nam a2200205 a 4500 |
| 001 |
00025121 |
| 008 |
120531r20122005enka j 000 1 eng |
| 020 |
|
|
|a 9780194225373
|
| 040 |
|
|
|a BD-DhAAL
|c BD-DhAAL
|
| 082 |
0 |
4 |
|a 428.6
|
| 245 |
1 |
0 |
|a Thumbelina /
|c edited bySue Arengo ;[illustrated by Celeste Goulding].
|
| 260 |
|
|
|a Oxford :
|b Oxford University Press,
|c 2005.[reprinted 2012]
|
| 300 |
|
|
|a 23 p. :
|b col. ill. ;
|c 25cm.
|
| 490 |
1 |
|
|a Classic tales ;
|v Beginner 2
|
| 541 |
1 |
|
|e 00025121
|
| 650 |
|
0 |
|a Readers (Elementary)
|
| 700 |
1 |
|
|a Arengo, Sue
|
| 852 |
1 |
|
|a Ayesha Abed library
|c General Shelf
|
| 999 |
|
|
|c 12292
|d 12292
|
| 952 |
|
|
|0 0
|1 0
|2 ddc
|4 0
|6 428_600000000000000_THU
|7 0
|9 20351
|a BRACUL
|b BRACUL
|d 2012-05-31
|e Karim International
|l 1
|m 6
|o 428.6 THU
|p 3010025121
|r 2023-01-03
|s 2022-11-22
|t 1
|w 2012-05-31
|y BK
|x Transferred from BIL to BRACUL on 06/06/22
|